000 00356nam a22001457a 4500
003 OSt
005 20160727222411.0
008 160624b xxu||||| |||| 00| 0 eng d
040 _cTEST
100 _9982
_aFables of Phaedrus
245 _aFables of Phaedrus
260 _aBombay
_bBetter Yourself Books
_c1991
300 _aFables of Phaedrus
942 _2ddc
_cBK
999 _c784
_d784